Les 20 plus gros transferts du RC Lens - Statistiques

Statistiques générales
  • Ce quiz a été pris 370 fois
  • Le résultat moyen est 10 sur 20
Statistiques - réponses
Club Transfert Club Joueur % Correct
Lens 38.50M Leipzig Openda
99%
Brugge 15.39M Lens Openda
99%
Lens 25M Al-Nassr Fofana
96%
Udinese 8.50M Lens Fofana
96%
Montpellier 30M Lens Wahi
93%
Lens 11M Real Madrid Varane
78%
Lens 22.60m Crystal Palace Doucouré
72%
Lens 7.50M Olympique Marseille Clauss
62%
Lens 15M Liverpool Diouf
60%
Bale 14M Lens Diouf
60%
Lens 17M Stade Rennais Badé
48%
Lens 9M Stade Rennais Wooh
42%
Mainz 7.20M Lens Fulgini
34%
Lens 8M Olympique Lyonnais Vairelles
25%
Lens 6.80M Liverpool Smicer
24%
Lens 10.50M Leeds united Dacourt
15%
Lens 6.25M Olympique Lyonnais Diarra
8%
Lens 10.60M Olympique Marseille Dalmat
3%
Lens 9M Fulham Papa Bouba Diop
2%
Lens 6.30M Everton Nyarko
1%
Aucun quiz correspondant
Distribution des résultats
% des personnes avec chaque résultat
Percentile par nombre de réponses
Votre historique - résultats
Vous n’avez pas pris ce quiz